ბათუმის შოთა რუსთაველის სახელმწიფო უნივერსიტეტის ბიბლიოთეკა

ქართულ-ინგლისური ლექსიკონი : (18000 სიტყვა) (ბიბ.ჩანაწერი № 54741)

000 -LEADER
fixed length control field 00821nam a2200217Ia 4500
001 - CONTROL NUMBER
control field 21808
003 - CONTROL NUMBER IDENTIFIER
control field GE_BSU
008 - FIXED-LENGTH DATA ELEMENTS--GENERAL INFORMATION
fixed length control field 181216s||||||||xx |||||||||||||| ||und||
040 ## - CATALOGING SOURCE
Transcribing agency GE_BSU
080 ## - UNIVERSAL DECIMAL CLASSIFICATION NUMBER
Universal Decimal Classification number 81'374.822=353.1=111
245 ## - TITLE STATEMENT
Title ქართულ-ინგლისური ლექსიკონი : (18000 სიტყვა)
245 ## - TITLE STATEMENT
Statement of responsibility, etc. შედგენილი თამარ და ისიდორე გვარჯალაძეების მიერ.
260 ## - PUBLICATION, DISTRIBUTION, ETC.
Place of publication, distribution, etc. თბილისი
260 ## - PUBLICATION, DISTRIBUTION, ETC.
Name of publisher, distributor, etc. სახელგამი
260 ## - PUBLICATION, DISTRIBUTION, ETC.
Date of publication, distribution, etc. 1947
300 ## - PHYSICAL DESCRIPTION
Extent 206 გვ. 22სმ.
653 ## - INDEX TERM--UNCONTROLLED
Uncontrolled term ქართული ენა
653 ## - INDEX TERM--UNCONTROLLED
Uncontrolled term ქართულ-ინგლისური ლექსიკონი : (18000 სიტყვა)
942 ## - ADDED ENTRY ELEMENTS (KOHA)
Koha item type წიგნი
ეგზემპლარები
Withdrawn status Lost status Damaged status Not for loan Date acquired Barcode Date last seen Price effective from Koha item type
        2018-12-17 56239 2018-12-17 2018-12-17 წიგნი
        2018-12-17 56240 2018-12-17 2018-12-17 წიგნი